Industrial investment in Belgium: A businessman's guide-book
Tallennettuna:
| Aineistotyyppi: | Kirja |
|---|---|
| Kieli: | Undetermined |
| Julkaistu: |
Brussels
Société générale de banque
1967
|
| Aiheet: | |
| Tagit: |
Lisää tagi
Ei tageja, Lisää ensimmäinen tagi!
|
| Thư viện lưu trữ: | Trung tâm Học liệu Trường Đại học Cần Thơ |
|---|
| LEADER | 00499nam a2200181Ia 4500 | ||
|---|---|---|---|
| 001 | CTU_83499 | ||
| 008 | 210402s9999 xx 000 0 und d | ||
| 082 | |a 330.9 | ||
| 082 | |b I.42 | ||
| 245 | 0 | |a Industrial investment in Belgium: | |
| 245 | 2 | |b A businessman's guide-book | |
| 260 | |a Brussels | ||
| 260 | |b Société générale de banque | ||
| 260 | |c 1967 | ||
| 650 | |a belgium | ||
| 650 | |x economic conditions | ||
| 650 | |y 1945- | ||
| 980 | |a Trung tâm Học liệu Trường Đại học Cần Thơ | ||